Manual de gestió racionalitzada del personal al servei de les corporacions locals
ISBN:
84-393-1394-2
Publicado:
[Barcelona] :
Generalitat de Catalunya, Departament de Governació, Direcció General d'Administració Local ,
1990
Descripción Física:
174 p. ; 24 cm
Colección:
Personal dels ens locals ; 1
MARC
| LEADER | 00000nam a2200000Ia 4500 | ||
|---|---|---|---|
| 001 | 13726 | ||
| 008 | 160829s1990 xx 000 0 cat d | ||
| 020 | |a 84-393-1394-2 | ||
| 080 | |a M-4-25 | ||
| 245 | |a Manual de gestió racionalitzada del personal al servei de les corporacions locals | ||
| 260 | |a [Barcelona] : |b Generalitat de Catalunya, Departament de Governació, Direcció General d'Administració Local, |c 1990 | ||
| 300 | |a 174 p. ; |c 24 cm | ||
| 490 | |a Personal dels ens locals ; 1 | ||
| 590 | |a Conté en annex formularis administratius | ||
| 650 | |a Funcionaris i empleats locals |x Catalunya |x Administració |9 22043 | ||
| 710 | 1 | |a Catalunya. |b Direcció General d'Administració Local |9 53065 | |
| 901 | |a Arxiu | ||
| 942 | |n 1 | ||
| 952 | |0 0 |1 0 |4 0 |6 M425 |7 1 |9 42025 |a Arxiu |b Arxiu |d 2016-12-01 |l 0 |o M-4-25 |p 13726 |r 2016-12-01 00:00:00 |w 2016-12-01 |y ARXIU | ||
| 999 | |c 44472 |d 44472 | ||